[Event "World Blitz Women 2025"]
[Site "Doha QAT"]
[Date "2025.12.30"]
[Round "11.34"]
[White "Kulon, Klaudia"]
[Black "Mkrtchyan, Mariam"]
[Result "1-0"]
[WhiteTitle "IM"]
[BlackTitle "WIM"]
[WhiteElo "2335"]
[BlackElo "2353"]
[WhiteFideId "1131044"]
[BlackFideId "13310828"]
[EventDate "2025.12.29"]

1. Nf3 d5 2. e3 Nf6 3. b3 g6 4. Bb2 Bg7 5. c4 c6 6. Be2 O-O 7. O-O a5 8. Nc3 Bf5
9. Nh4 Be6 10. Qc1 Na6 11. cxd5 cxd5 12. d4 Nb4 13. a3 Nc6 14. Bd3 Nd7 15. Na4
Qc7 16. h3 Rfc8 17. Qd2 f6 18. Rac1 Bf7 19. Nf3 Kh8 20. Be2 Qd6 21. Nc5 Nxc5 22.
dxc5 Qd8 23. b4 axb4 24. axb4 Ra2 25. Rc2 Rca8 26. Bxf6 Rxc2 27. Bxg7+ Kxg7 28.
Qxc2 Kg8 29. b5 Na5 30. Rd1 Qc7 31. Qc3 Nc4 32. Qd4 Rc8 33. Bxc4 dxc4 34. c6
bxc6 35. b6 c5 36. Qg4 Qb7 37. Ne5 Rf8 38. Nxc4 Qa6 39. Ne5 c4 40. Qd4 Qb5 41.
Ng4 h5 42. Ne5 Rb8 43. Nxf7 Kxf7 44. Qf4+ Kg7 45. Qxb8 1-0

[Event "World Blitz Women 2025"]
[Site "Doha QAT"]
[Date "2025.12.30"]
[Round "11.35"]
[White "Vantika, Agrawal"]
[Black "Nandhidhaa, P V"]
[Result "1/2-1/2"]
[WhiteTitle "IM"]
[BlackTitle "WGM"]
[WhiteElo "2369"]
[BlackElo "2257"]
[WhiteFideId "25050389"]
[BlackFideId "5050847"]
[EventDate "2025.12.29"]

1. d4 Nf6 2. c4 e6 3. Nf3 d5 4. Nc3 Nbd7 5. Bg5 h6 6. Bh4 Be7 7. e3 O-O 8. Rc1
c6 9. Bd3 Ne8 10. Bg3 Nd6 11. b3 Nf6 12. Qc2 Bd7 13. O-O Rc8 14. Ne5 dxc4 15.
bxc4 c5 16. Rfd1 cxd4 17. exd4 b6 18. Qe2 Re8 19. a4 Nf5 20. Bb1 Nxg3 21. hxg3
Ba3 22. Rc2 Qe7 23. Nb5 a6 24. Nxd7 Nxd7 25. Nc3 Nf6 26. Ba2 Bb4 27. Rb1 a5 28.
Nb5 Qd7 29. Rd1 Red8 30. Rcc1 Qe8 31. Bb1 Rc6 32. Bd3 Rcc8 33. Rc2 Rd7 34. g4
Rdd8 35. g3 Rd7 36. Kg2 Re7 37. Rh1 e5 38. dxe5 Rxe5 39. Qf3 Rd8 40. Bf5 Qe7 41.
Rd1 Rxd1 42. Qxd1 Qb7+ 43. Qf3 Qxf3+ 44. Kxf3 g6 45. Bd3 Bc5 46. Nc3 Re7 47. Nd5
Nxd5 48. cxd5 Kf8 49. Bb5 Re5 50. Bc6 Ke7 51. Rc1 f5 52. Rh1 fxg4+ 53. Kxg4 h5+
54. Kf3 Rf5+ 55. Ke4 Rxf2 56. g4 Re2+ 57. Kf3 Re3+ 58. Kf4 hxg4 59. Kxg4 Kf6 60.
Rf1+ Ke5 61. Rf7 Re1 62. Rb7 Rg1+ 63. Kf3 g5 64. Rb8 g4+ 65. Ke2 g3 66. Re8+ Kd4
67. Rg8 g2 68. Rg4+ Ke5 69. Kf3 Rf1+ 70. Kxg2 Rg1+ 71. Kf3 Rxg4 72. Kxg4 Kd6 1/2-1/2

[Event "World Blitz Women 2025"]
[Site "Doha QAT"]
[Date "2025.12.30"]
[Round "11.36"]
[White "Bayasgalan, Khishigbaatar"]
[Black "Gaal, Zsoka"]
[Result "0-1"]
[WhiteTitle "WCM"]
[BlackTitle "IM"]
[WhiteElo "2249"]
[BlackElo "2374"]
[WhiteFideId "4904311"]
[BlackFideId "777765"]
[EventDate "2025.12.29"]

1. d4 Nf6 2. c4 g6 3. Nf3 Bg7 4. g3 O-O 5. Bg2 d6 6. Nc3 c6 7. O-O Qa5 8. h3 e5
9. e4 Re8 10. Re1 Nbd7 11. Be3 a6 12. a3 b5 13. b4 Qc7 14. c5 dxc5 15. dxc5 Nf8
16. Qc2 a5 17. Red1 Ne6 18. Qb3 Nd7 19. Rab1 Rd8 20. Rd2 Ndf8 21. Rbd1 Rxd2 22.
Rxd2 axb4 23. axb4 Bb7 24. Rd6 Rd8 25. Qd1 Bc8 26. Bf1 Nd4 27. Nxd4 exd4 28.
Bxd4 Rxd6 29. cxd6 Qxd6 30. Bxg7 Qxd1 31. Nxd1 Kxg7 32. Ne3 Ne6 33. Nc2 Bd7 34.
f4 c5 35. bxc5 Nxc5 36. e5 h5 37. Kf2 Ne4+ 38. Kf3 Nd2+ 39. Kf2 0-1

[Event "World Blitz Women 2025"]
[Site "Doha QAT"]
[Date "2025.12.30"]
[Round "11.37"]
[White "Mammadova, Gulnar"]
[Black "Chen, Yining"]
[Result "1-0"]
[WhiteTitle "IM"]
[BlackTitle "FM"]
[WhiteElo "2330"]
[BlackElo "2278"]
[WhiteFideId "13403508"]
[BlackFideId "8620946"]
[EventDate "2025.12.29"]

1. e4 e6 2. d4 d5 3. Nc3 Nf6 4. Bg5 dxe4 5. Nxe4 Be7 6. Nxf6+ Bxf6 7. Bxf6 Qxf6
8. Nf3 Bd7 9. Be2 Nc6 10. O-O O-O-O 11. c3 e5 12. d5 Ne7 13. c4 Nf5 14. Bd3 Rhe8
15. Re1 Kb8 16. a4 g5 17. a5 g4 18. Nd2 Nd4 19. Ne4 Qh4 20. Ra3 Rg8 21. Bf1 f5
22. Ng3 f4 23. Rxe5 c5 24. Ne4 g3 25. hxg3 fxg3 26. Nxg3 Bc8 27. Rae3 Qf4 28.
R5e4 Qf6 29. Qh5 Rg5 30. Qh4 h6 31. Qf4+ Qxf4 32. Rxf4 h5 33. Rfe4 b6 34. axb6
axb6 35. Re8 Rxe8 36. Rxe8 h4 37. Ne4 Rg6 38. Kh2 Kc7 39. Bd3 Bd7 40. Rh8 Nf5
41. Nc3 Rf6 42. d6+ Kxd6 43. Ne4+ Ke5 44. Nxf6 Kxf6 45. Bxf5 Bxf5 46. Rxh4 Kg5
47. Kg3 Bd3 48. Rf4 Be2 49. Re4 Bd3 50. f4+ Kf6 51. Re8 Bxc4 52. Rc8 Bd5 53. Rb8 1-0

[Event "World Blitz Women 2025"]
[Site "Doha QAT"]
[Date "2025.12.30"]
[Round "11.38"]
[White "Kurmangaliyeva, Liya"]
[Black "Krush, Irina"]
[Result "1-0"]
[WhiteTitle "FM"]
[BlackTitle "GM"]
[WhiteElo "2339"]
[BlackElo "2402"]
[WhiteFideId "13725831"]
[BlackFideId "2012782"]
[EventDate "2025.12.29"]

1. e4 c5 2. Nf3 e6 3. c3 d5 4. e5 d4 5. d3 Nc6 6. g3 Nge7 7. Bg2 Ng6 8. Qe2 Qc7
9. Na3 a6 10. O-O b5 11. h4 h6 12. cxd4 cxd4 13. Nc2 Bb7 14. Re1 Bc5 15. Bd2 O-O
16. Rac1 Qd7 17. h5 Nge7 18. Nh2 Nd5 19. Ng4 Nce7 20. Be4 Kh8 21. Red1 Nf5 22.
Ne1 Rac8 23. a3 b4 24. axb4 Bxb4 25. Rc4 Bxd2 26. Qxd2 Rxc4 27. dxc4 Nde7 28.
Bxb7 Qxb7 29. Nd3 Nc6 30. Nh2 a5 31. g4 Nfe7 32. Qf4 Nb4 33. Qxd4 Nxd3 34. Rxd3
Nc6 35. Qc3 Nb4 36. Re3 Rd8 37. Nf3 Rd1+ 38. Kg2 Nc6 39. Qc2 Ra1 40. Qe4 Rc1 41.
b3 Qc7 42. Rd3 Ra1 43. Rd6 Rc1 44. Rxc6 1-0

[Event "World Blitz Women 2025"]
[Site "Doha QAT"]
[Date "2025.12.30"]
[Round "11.39"]
[White "Jarocka, Liwia"]
[Black "Cori T., Deysi"]
[Result "0-1"]
[WhiteTitle "FM"]
[BlackTitle "IM"]
[WhiteElo "2258"]
[BlackElo "2349"]
[WhiteFideId "21807558"]
[BlackFideId "3801934"]
[EventDate "2025.12.29"]

1. e4 e6 2. d4 d5 3. Nc3 Nf6 4. Bg5 Be7 5. e5 Nfd7 6. h4 h6 7. Bxe7 Qxe7 8. f4
a6 9. Nf3 c5 10. Qd2 Nc6 11. O-O-O b5 12. g4 Nb6 13. f5 b4 14. Nb1 exf5 15. dxc5
Qxc5 16. gxf5 Bxf5 17. Rg1 O-O 18. Bh3 Ne7 19. Bxf5 Nxf5 20. Nd4 Nxd4 21. Qxd4
Rac8 22. c3 Rfe8 23. Qf4 Rc6 24. Rg3 Nc4 25. Rdg1 Rg6 26. Rf1 Nxe5 27. Rxg6 Nd3+
28. Kc2 Nxf4 0-1

[Event "World Blitz Women 2025"]
[Site "Doha QAT"]
[Date "2025.12.30"]
[Round "11.40"]
[White "Berend, Elvira"]
[Black "Kairbekova, Amina"]
[Result "1-0"]
[WhiteTitle "WGM"]
[BlackTitle "WGM"]
[WhiteElo "2265"]
[BlackElo "2353"]
[WhiteFideId "4000510"]
[BlackFideId "13712799"]
[EventDate "2025.12.29"]

1. d4 Nf6 2. Nf3 g6 3. b4 Bg7 4. Bb2 O-O 5. Nbd2 a5 6. b5 a4 7. Rb1 d5 8. e3 Bf5
9. Bd3 Bxd3 10. cxd3 c6 11. Ba3 Nfd7 12. O-O Re8 13. Qc2 e5 14. dxe5 Nxe5 15.
Nxe5 Bxe5 16. Nf3 Bg7 17. bxc6 bxc6 18. Rb7 Qc8 19. Rfb1 Nd7 20. Bd6 c5 21. Rc7
Qd8 22. Rbb7 Nf8 23. Rxf7 Ne6 24. Bg3 Rf8 25. Rfd7 Qf6 26. Be5 Qxe5 27. Nxe5
Bxe5 28. Rxh7 Ng7 29. Rh4 Rab8 30. Rxb8 Rxb8 31. g3 c4 32. dxc4 Nf5 33. Rg4 Kf7
34. Qxa4 dxc4 35. Qxc4+ Kf6 36. Qc6+ Nd6 1-0

[Event "World Blitz Women 2025"]
[Site "Doha QAT"]
[Date "2025.12.30"]
[Round "11.41"]
[White "Gu, Xiaobing"]
[Black "Yu, Jennifer"]
[Result "0-1"]
[WhiteTitle "WGM"]
[BlackTitle "FM"]
[WhiteElo "2106"]
[BlackElo "2276"]
[WhiteFideId "8602611"]
[BlackFideId "2078341"]
[EventDate "2025.12.29"]

1. e4 g6 2. d4 Bg7 3. Nc3 d6 4. f4 a6 5. a4 Nd7 6. Nf3 e5 7. dxe5 dxe5 8. f5
gxf5 9. exf5 Ngf6 10. Bg5 h6 11. Bh4 O-O 12. Qd2 e4 13. Nd4 c5 14. Nde2 Re8 15.
O-O-O Qa5 16. Nf4 e3 17. Qd6 b5 18. g4 b4 19. Ncd5 Qxa4 20. Kb1 Nxd5 21. Qxd5
Rb8 22. Bc4 Ne5 23. Ng6 Bb7 24. Qd6 Nxc4 25. Ne7+ Kh7 26. Qd3 Nxb2 27. Qb3 Qxb3
28. cxb3 Nxd1 29. Rxd1 Be4+ 30. Kc1 e2 31. Re1 Bf3 32. f6 Bf8 33. Nf5 c4 34.
bxc4 b3 35. Kb2 Bb4 0-1

[Event "World Blitz Women 2025"]
[Site "Doha QAT"]
[Date "2025.12.30"]
[Round "11.42"]
[White "Mammadzada, Gunay"]
[Black "Beydullayeva, Govhar"]
[Result "1/2-1/2"]
[WhiteTitle "IM"]
[BlackTitle "WGM"]
[WhiteElo "2390"]
[BlackElo "2364"]
[WhiteFideId "13403729"]
[BlackFideId "13413015"]
[EventDate "2025.12.29"]

1. d4 Nf6 2. c4 e6 3. Nf3 d5 4. g3 Be7 5. Bg2 O-O 6. O-O dxc4 7. Qc2 a6 8. a4
Bd7 9. Rd1 Bc6 10. Nc3 Bxf3 11. Bxf3 Nc6 12. Bxc6 bxc6 13. a5 Rb8 14. Ra4 Rb4
15. Na2 Rxa4 16. Qxa4 Qd5 17. Nc3 Qh5 18. Qxc6 Qxa5 19. Qxc4 c5 20. dxc5 Bxc5
21. Kg2 Qb6 22. f3 Be7 23. Qa4 Qb7 24. b3 Bb4 25. Na2 Be7 26. Nc3 Bb4 27. Na2
Be7 28. Nc3 Bb4 1/2-1/2

[Event "World Blitz Women 2025"]
[Site "Doha QAT"]
[Date "2025.12.30"]
[Round "11.43"]
[White "Aydin, Gulenay"]
[Black "Zhu, Chen"]
[Result "0-1"]
[WhiteTitle "WIM"]
[BlackTitle "GM"]
[WhiteElo "2259"]
[BlackElo "2423"]
[WhiteFideId "34557431"]
[BlackFideId "8600546"]
[EventDate "2025.12.29"]

1. e4 d6 2. d4 Nf6 3. Nc3 e5 4. Nf3 Nbd7 5. Rg1 c6 6. g4 h6 7. Be3 b5 8. a3 Bb7
9. Qd2 a5 10. Bd3 Be7 11. h4 b4 12. Ne2 h5 13. gxh5 Nxh5 14. Ng5 exd4 15. Bxd4
Ne5 16. axb4 Bxg5 17. Qc3 Nf3+ 18. Kf1 axb4 19. Rxa8 Qxa8 20. Qxb4 Nxg1 21. Qxd6
Be7 22. Qe5 Nf3 23. Qc7 Nxd4 24. Nxd4 Qc8 25. Qe5 Nf6 26. Nf5 Qd7 27. Nxg7+ Kf8
28. Nf5 Rg8 29. Qb8+ Qc8 30. Qe5 Qd8 31. Qf4 Ke8 32. Qe5 Bc8 33. Nd4 Qd6 0-1

[Event "World Blitz Women 2025"]
[Site "Doha QAT"]
[Date "2025.12.30"]
[Round "11.44"]
[White "Bodnaruk, Anastasia"]
[Black "Zherebtsova, Alexandra"]
[Result "1-0"]
[WhiteTitle "IM"]
[BlackTitle "FM"]
[WhiteElo "2357"]
[BlackElo "2307"]
[WhiteFideId "4181751"]
[BlackFideId "24129518"]
[EventDate "2025.12.29"]

1. e4 e5 2. Nf3 Nc6 3. Bb5 f5 4. d3 fxe4 5. dxe4 Nf6 6. O-O Bc5 7. Qd3 d6 8. Qc4
Bd7 9. Nc3 Qe7 10. Nd5 Nxd5 11. exd5 Nd4 12. Bxd7+ Qxd7 13. Nxd4 Bxd4 14. Be3
Bb6 15. Bxb6 axb6 16. f4 b5 17. Qe2 O-O 18. fxe5 Rxf1+ 19. Rxf1 dxe5 20. Qxe5
Rxa2 21. Qe6+ Qxe6 22. dxe6 Ra8 23. Rf7 Re8 24. Rxc7 Rxe6 25. Rxb7 Re2 26. Rc7
Rd2 27. b4 h5 28. c3 h4 29. h3 Rc2 30. Kf1 Kh7 31. Rc5 Kh6 32. Rxb5 Rxc3 33. Kf2
Rb3 34. Rb8 g6 35. b5 Kh7 36. b6 Kg7 37. Ke2 Kf6 38. Kd2 Kg7 39. Kc2 Rb5 40. Kc3
Rg5 41. Kb3 Rb5+ 42. Kc4 Rg5 43. b7 1-0

[Event "World Blitz Women 2025"]
[Site "Doha QAT"]
[Date "2025.12.30"]
[Round "11.45"]
[White "Lyutsinger, Iren"]
[Black "Mamedjarova, Turkan"]
[Result "0-1"]
[WhiteTitle "FM"]
[BlackTitle "WGM"]
[WhiteElo "2169"]
[BlackElo "2216"]
[WhiteFideId "34425969"]
[BlackFideId "13402005"]
[EventDate "2025.12.29"]

1. e4 e5 2. Nf3 Nc6 3. Bc4 Bc5 4. Nc3 Nf6 5. d3 h6 6. h3 d6 7. Na4 O-O 8. Nxc5
dxc5 9. a4 Qd6 10. O-O Nh5 11. Be3 Nf4 12. Qd2 Ng6 13. a5 Nd4 14. Nh2 Nf4 15.
Bxf4 exf4 16. c3 Nc6 17. a6 Ne5 18. Bd5 c6 19. axb7 Bxb7 20. Ba2 Qf6 21. d4 cxd4
22. cxd4 Ng6 23. Nf3 Rad8 24. Qb4 Ba8 25. e5 Qf5 26. Rfe1 c5 27. Qxc5 Bxf3 28.
e6 Bd5 29. e7 Nxe7 30. Rxe7 Qg5 31. Bxd5 Rxd5 32. Qb4 f3 33. g3 Qf6 34. Re4 Qf5
35. Rg4 Re8 36. Rf4 Qxh3 37. Rxf3 Rh5 0-1

[Event "World Blitz Women 2025"]
[Site "Doha QAT"]
[Date "2025.12.30"]
[Round "11.46"]
[White "Girya, Olga"]
[Black "Kirtadze, Anastasia"]
[Result "1-0"]
[WhiteTitle "GM"]
[BlackTitle "WIM"]
[WhiteElo "2398"]
[BlackElo "2281"]
[WhiteFideId "4195752"]
[BlackFideId "13622714"]
[EventDate "2025.12.29"]

1. d4 Nf6 2. c4 e6 3. Nc3 Bb4 4. e3 O-O 5. Qc2 b6 6. Bd3 Bb7 7. e4 h6 8. Ne2 d5
9. cxd5 exd5 10. e5 Ne4 11. O-O f5 12. exf6 Nxf6 13. Nf4 Re8 14. Bd2 Nbd7 15.
Rae1 Nf8 16. Qb3 Bxc3 17. bxc3 Qd6 18. h3 a5 19. Qa4 Bc6 20. Qc2 Ne4 21. c4 Nxd2
22. Qxd2 dxc4 23. Bxc4+ Kh8 24. d5 Bd7 25. Bb3 c6 26. Qd4 c5 27. Qd2 b5 28. Nh5
c4 29. Bc2 Re7 30. Rxe7 Qxe7 31. Re1 Qf7 32. Ng3 b4 33. Qd4 c3 34. Ne4 Re8 35.
Rd1 Qe7 36. Nc5 Bb5 37. d6 Qd8 38. Nb7 Qc8 39. Nxa5 Qd7 40. Nb3 Ne6 41. Qxb4 Ng5
42. Qxc3 Bc6 43. Nd4 Bd5 44. Qg3 Ra8 45. Bf5 Qa4 46. Re1 Qxd4 47. d7 Bf7 48. h4
Qd2 49. Re7 Qb4 50. Qe5 Rf8 51. hxg5 Qa3 52. Re8 Bxe8 53. dxe8=Q Qc1+ 54. Kh2
hxg5 55. Qxf8# 1-0

[Event "World Blitz Women 2025"]
[Site "Doha QAT"]
[Date "2025.12.30"]
[Round "11.47"]
[White "Priyanka, Nutakki"]
[Black "Ismayil, Malak"]
[Result "1-0"]
[WhiteTitle "WGM"]
[BlackTitle "WIM"]
[WhiteElo "2292"]
[BlackElo "2138"]
[WhiteFideId "25049615"]
[BlackFideId "13412604"]
[EventDate "2025.12.29"]

1. Nf3 Nf6 2. b3 g6 3. Bb2 Bg7 4. g3 d5 5. c4 e6 6. Bg2 O-O 7. O-O b6 8. cxd5
exd5 9. d4 Re8 10. Nc3 c6 11. Rc1 Ba6 12. Re1 Qd6 13. e3 Nbd7 14. Bf1 Bxf1 15.
Kxf1 Rac8 16. Kg2 Ne4 17. Qd3 f5 18. Ne2 h6 19. h4 Ndf6 20. Ne5 Ng4 21. f3 Nef2
22. Qd2 Bxe5 23. dxe5 Rxe5 24. Bxe5 Qxe5 25. fxg4 Nxg4 26. Nf4 Qe4+ 27. Kg1 Ne5
28. Rf1 g5 29. Ng2 Nf3+ 30. Rxf3 Qxf3 31. Qf2 Qe4 32. Rf1 Rf8 33. hxg5 hxg5 34.
Ne1 Kg7 35. Qf3 Qe5 36. Nd3 Qe7 37. Nf2 Qe5 38. Nd3 Qe7 39. Kg2 Qe6 40. Nf2 c5
41. Rd1 Rd8 42. Nd3 d4 43. exd4 cxd4 44. Nf2 Rd7 45. Qd3 Qd5+ 46. Qf3 Qe5 47.
Nd3 Qe6 48. Re1 Qf6 49. Re5 Rf7 50. Rd5 a5 51. Re5 Qg6 52. Qd5 Qf6 53. Qxd4 Qc6+
54. Rd5+ Kg8 55. Kg1 1-0

[Event "World Blitz Women 2025"]
[Site "Doha QAT"]
[Date "2025.12.30"]
[Round "11.48"]
[White "Lesbekova, Assel"]
[Black "Mkrtchian, Lilit"]
[Result "0-1"]
[WhiteTitle "WCM"]
[BlackTitle "IM"]
[WhiteElo "1948"]
[BlackElo "2366"]
[WhiteFideId "13713248"]
[BlackFideId "13300601"]
[EventDate "2025.12.29"]

1. e4 e6 2. Nf3 d5 3. Nc3 Nf6 4. exd5 exd5 5. d4 c6 6. h3 Bf5 7. Bd3 Bxd3 8.
Qxd3 Bd6 9. O-O O-O 10. Bg5 h6 11. Bh4 Nbd7 12. Rfe1 Qc7 13. Bxf6 Nxf6 14. Re2
Nh5 15. Qd2 Nf4 16. Ree1 Rfe8 17. Ne2 Ng6 18. Nc3 Qd7 19. Rxe8+ Rxe8 20. Re1
Rxe1+ 21. Qxe1 Qf5 22. Qe8+ Kh7 23. Qd8 Be7 24. Qc7 Qxc2 25. Ne5 Qc1+ 26. Kh2
Qf4+ 27. Kg1 Qc1+ 28. Kh2 Qf4+ 29. Kg1 Bf6 30. g3 Qc1+ 31. Kg2 Qxb2 32. Nd1 Qxd4
33. Nxg6 fxg6 34. Ne3 Qe4+ 35. Kh2 Bd4 36. Qxb7 0-1

[Event "World Blitz Women 2025"]
[Site "Doha QAT"]
[Date "2025.12.30"]
[Round "11.49"]
[White "Krasteva, Beloslava"]
[Black "Shvedova, Alexandra"]
[Result "0-1"]
[WhiteTitle "FM"]
[BlackTitle "WIM"]
[WhiteElo "2339"]
[BlackElo "2255"]
[WhiteFideId "2922029"]
[BlackFideId "54154782"]
[EventDate "2025.12.29"]

1. d4 Nf6 2. c4 e6 3. Nc3 Bb4 4. e3 O-O 5. Bd2 d5 6. Nf3 Nbd7 7. cxd5 exd5 8.
Bd3 c6 9. Qc2 h6 10. O-O-O Re8 11. Rdg1 Bxc3 12. Bxc3 Ne4 13. Be1 c5 14. Kb1
cxd4 15. Nxd4 Ndc5 16. f3 Nxd3 17. Qxd3 Nc5 18. Qc3 Qe7 19. g4 Na4 20. Qc2 Bd7
21. Nf5 Qf6 22. e4 Rac8 23. Qd2 Qb6 24. Bf2 Qa6 25. exd5 Re2 26. Qd4 Rxb2+ 27.
Ka1 Rxa2+ 28. Kxa2 Nc3+ 29. Kb3 Qa2+ 30. Kb4 a5# 0-1

[Event "World Blitz Women 2025"]
[Site "Doha QAT"]
[Date "2025.12.30"]
[Round "11.50"]
[White "Dimitrijevic, Aleksandra"]
[Black "Atalik, Ekaterina"]
[Result "0-1"]
[WhiteTitle "WGM"]
[BlackTitle "IM"]
[WhiteElo "2063"]
[BlackElo "2349"]
[WhiteFideId "929239"]
[BlackFideId "4130189"]
[EventDate "2025.12.29"]

1. d4 d5 2. c4 c6 3. Nf3 e6 4. g3 dxc4 5. Bg2 Nf6 6. O-O b5 7. Qc2 Be7 8. a4 a6
9. Rd1 O-O 10. Ne5 Nd5 11. e4 Nb4 12. Qe2 Bb7 13. Nc3 Nd7 14. Nf3 Nd3 15. Ne1
Nxc1 16. Raxc1 Qb6 17. Nf3 Rfd8 18. e5 c5 19. d5 exd5 20. Nxd5 Bxd5 21. Rxd5 Nf8
22. Rcd1 Rxd5 23. Rxd5 Rd8 24. Nd2 Ne6 25. h4 Qa5 26. axb5 axb5 27. Rxd8+ Qxd8
28. Ne4 Qd4 29. Nc3 b4 30. Nd5 Bf8 31. h5 Qd3 32. Qg4 Qb1+ 33. Kh2 Qc1 34. Nf6+
Kh8 35. Nd7 Be7 36. Bd5 Qh6 37. Bxc4 Qd2 38. Kg2 Qxd7 39. Qf3 Kg8 40. h6 g6 41.
b3 Bf8 42. Qa8 Qc7 43. f4 Qd7 44. Bd5 Nc7 45. Qc6 Qxd5+ 0-1

[Event "World Blitz Women 2025"]
[Site "Doha QAT"]
[Date "2025.12.30"]
[Round "11.51"]
[White "Rodriguez Redondo, Adhara"]
[Black "Zhang, Lanlin"]
[Result "1-0"]
[WhiteTitle "WFM"]
[BlackTitle "WIM"]
[WhiteElo "2207"]
[BlackElo "2291"]
[WhiteFideId "32065698"]
[BlackFideId "8608032"]
[EventDate "2025.12.29"]

1. e4 e5 2. Nf3 Nc6 3. Bc4 Bc5 4. d3 Nf6 5. Be3 Bb6 6. O-O O-O 7. a4 d5 8. exd5
Nxd5 9. Bd2 a5 10. h3 Be6 11. Re1 Qf6 12. Qe2 Nd4 13. Nxd4 exd4 14. Na3 h6 15.
Qe5 Qxe5 16. Rxe5 Rad8 17. Rae1 c6 18. Bb3 Bc7 19. R5e2 b6 20. Nc4 Bf5 21. Ne5
Rd6 22. Bxd5 cxd5 23. Nf3 Rdd8 24. Nxd4 Bg6 25. Nb5 Bb8 26. Be3 Rc8 27. Bxb6 f5
28. Bxa5 f4 29. Bb4 Rf7 30. Bd6 Rb7 31. Bxb8 Rbxb8 32. b3 Rf8 33. f3 Rfc8 34.
Rd2 Rc6 35. Re5 Bf7 36. Rde2 Rb7 37. Nd4 Rc5 38. Rf5 Rbc7 39. Rxf4 Rc8 40. Re7
Rf8 41. Kh2 Rcc8 42. a5 Ra8 43. b4 Bh5 44. Rxf8+ Kxf8 45. Rb7 Be8 46. Rb6 Ke7
47. a6 Kd7 48. b5 Kc7 49. Re6 Bd7 50. Re7 Kd6 51. Rxg7 Be8 52. Rg8 Kc5 53. Ne6+
Kb6 54. Ng7 Kxb5 55. Rxe8 Rxa6 56. Re6 Ra2 57. c4+ dxc4 58. dxc4+ Kxc4 59. Rxh6
Kd4 60. Re6 Kd5 61. Re8 Ra7 62. Nf5 Rf7 63. Ne3+ Kd6 64. h4 Kd7 65. Re4 Rf8 66.
Kg3 Rg8+ 67. Ng4 Kd6 68. h5 Rg5 69. Kh4 Rg8 70. h6 Rh8 71. Kg5 Rg8+ 72. Kh5 Rh8
73. Kg6 Rg8+ 74. Kf7 1-0

[Event "World Blitz Women 2025"]
[Site "Doha QAT"]
[Date "2025.12.30"]
[Round "11.52"]
[White "Savitha, Shri B"]
[Black "Serikbay, Assel"]
[Result "0-1"]
[WhiteTitle "IM"]
[BlackTitle "WIM"]
[WhiteElo "2334"]
[BlackElo "2221"]
[WhiteFideId "35061887"]
[BlackFideId "13706799"]
[EventDate "2025.12.29"]

1. e4 c5 2. Nf3 Nc6 3. d4 cxd4 4. Nxd4 Nf6 5. Nc3 e6 6. a3 d5 7. Bb5 Bd7 8. exd5
exd5 9. O-O Be7 10. Bg5 O-O 11. Re1 a6 12. Ba4 h6 13. Bh4 Re8 14. Bb3 g5 15. Bg3
Bc5 16. Nf3 Be6 17. h4 g4 18. Ne5 Rc8 19. Qd2 Kg7 20. Bf4 Rh8 21. Rad1 Nd4 22.
Ba2 b5 23. Be3 Nf5 24. Bxc5 Rxc5 25. Qf4 Qc7 26. g3 Ne7 27. Nd3 Qxf4 28. Nxf4
Rc6 29. Re5 Rhc8 30. Rde1 Ng6 31. Nxg6 Kxg6 32. Ne2 Rxc2 33. Bb1 Ne4 34. Nf4+
Kf6 35. Rh5 Rxb2 36. Bxe4 dxe4 37. Rxh6+ Kg7 38. Rh5 Rcc2 39. Rf1 Bc4 40. Rd1
Rxf2 41. Rg5+ Kh7 42. Rh5+ Kg7 43. Rg5+ Kf8 44. h5 e3 45. Re5 e2 46. Nxe2 Rfxe2
47. Rd8+ Kg7 48. h6+ Kxh6 49. Rd6+ Kg7 50. Rg5+ Kf8 0-1

[Event "World Blitz Women 2025"]
[Site "Doha QAT"]
[Date "2025.12.30"]
[Round "11.53"]
[White "Gaboyan, Susanna"]
[Black "Mamedjarova, Zeinab"]
[Result "1-0"]
[WhiteTitle "WIM"]
[BlackTitle "WGM"]
[WhiteElo "2182"]
[BlackElo "2155"]
[WhiteFideId "13303627"]
[BlackFideId "13401521"]
[EventDate "2025.12.29"]

1. Nf3 d5 2. g3 c6 3. Bg2 g6 4. O-O Bg7 5. d3 Nf6 6. Nbd2 O-O 7. e4 Qc7 8. Qe2
a5 9. e5 Ng4 10. Re1 a4 11. a3 Nd7 12. e6 Nde5 13. exf7+ Rxf7 14. h3 Nxf3+ 15.
Nxf3 e5 16. hxg4 Bxg4 17. Qe3 Raf8 18. Nxe5 Rxf2 19. Nxg4 Rxc2 20. Re2 Rxe2 21.
Qxe2 h5 22. Nf2 Bd4 23. Bf4 Qb6 24. Rf1 Bxb2 25. Rb1 Qc5 26. Qxb2 b5 27. Rc1 Qe7
28. Rxc6 Qe1+ 29. Kh2 1-0

[Event "World Blitz Women 2025"]
[Site "Doha QAT"]
[Date "2025.12.30"]
[Round "11.54"]
[White "Mikheeva, Galina"]
[Black "Dwilewicz, Katarzyna"]
[Result "1-0"]
[WhiteTitle "FM"]
[BlackTitle "WFM"]
[WhiteElo "2122"]
[BlackElo "2185"]
[WhiteFideId "44108320"]
[BlackFideId "1148486"]
[EventDate "2025.12.29"]

1. e4 e5 2. Nf3 Nc6 3. Nc3 Nf6 4. h3 g6 5. d4 exd4 6. Nxd4 Bg7 7. Nxc6 bxc6 8.
Bc4 O-O 9. O-O Re8 10. Re1 d6 11. Bf4 Rb8 12. Bb3 Be6 13. e5 Nh5 14. Bh2 Bxb3
15. axb3 dxe5 16. Rxa7 Qg5 17. Rxc7 Rbd8 18. Qf3 Nf4 19. Ne4 Qf5 20. Rxc6 Qd7
21. Rd6 Qc7 22. Qc3 Qa7 23. Rxd8 Rxd8 24. Bxf4 exf4 25. Qc4 h6 26. Nc5 Qa5 27.
b4 Qc7 28. b3 Rd2 29. Re8+ Kh7 30. Re1 Bd4 31. Rf1 f3 32. Ne4 Qxc4 33. bxc4 Rxc2
34. Nd6 fxg2 35. Kxg2 Be5 36. Nxf7 Bf4 37. Kf3 Rxc4 38. Rb1 Kg7 39. Nd8 Bd6 40.
b5 Rc8 41. Nc6 Bc5 42. Ke2 Re8+ 43. Kf1 Rf8 44. Rb2 Rc8 45. Ke2 Kf6 46. Kd3 Ke6
47. Kc4 Bb6 48. Re2+ Kf6 49. f3 Kf5 50. Re4 h5 51. Kb4 Kf6 52. Rf4+ Kg5 53. Re4
Rf8 54. Ne5 Rf5 55. h4+ Kh6 56. Nd7 Bc7 57. b6 Bxb6 58. Nxb6 Rxf3 59. Nd5 Rf8
60. Kc4 Rf5 61. Kd4 g5 62. Re6+ Kg7 63. Ke4 Rf1 64. hxg5 Re1+ 65. Ne3 h4 66. Rh6
Rg1 67. Nf5+ Kf7 68. Kf4 Rf1+ 69. Kg4 h3 70. Rxh3 Rg1+ 71. Rg3 Ra1 72. Kh5 Rh1+
73. Nh4 Kg7 74. Rf3 Rh2 75. Rb3 Kf7 76. Rb7+ Kg8 77. Kg6 1-0